Choroby ušní, nosní a krční /
Uložené v:
| Hlavný autor: | |
|---|---|
| Médium: | Kniha |
| Jazyk: | Czech |
| Vydané: |
Praha :
Státní zdravotnické nakladatelství,
1954.
|
| Vydanie: | 2. vyd. |
| ISBN: |
(brož.) |
| Fyzický popis: |
146 s. : obr. |
| Tagy: |
Pridať tag
Žiadne tagy, Buďte prvý kto otaguje tento záznam!
|
Titul je dostupný aj v ... 

MARC
| LEADER | 00000nam a22000001 4500 | ||
|---|---|---|---|
| 001 | 000103021 | ||
| 005 | 20100110131150.0 | ||
| 008 | 980503s1954 xr e cze d | ||
| 020 | |a (brož.) | ||
| 040 | |a SVKKK |b slo |c SVKKK |e AACR2 | ||
| 041 | 0 | |a cze | |
| 044 | |a xr |c CZ | ||
| 100 | 1 | |a Lukeš, Antonín, |d 1901- |4 aut | |
| 245 | 1 | 0 | |a Choroby ušní, nosní a krční / |c Antonín Lukeš. |
| 250 | |a 2. vyd. | ||
| 260 | |a Praha : |b Státní zdravotnické nakladatelství, |c 1954. | ||
| 300 | |a 146 s. : |b obr. | ||
| 366 | |e 10000 výt. | ||
| 504 | |a Vecný register | ||
| 910 | |a svkkk | ||
| 998 | |a BK | ||
| 090 | |g SCKHL |k Sklad Pribinova 2. posch. |a III.21597 |j 103266 |i 2720369763 |s Prezenčne | ||
| 090 | |g SCKHL |k Sklad Pribinova 2. posch. |a III.33398 |j 97920 |i 2720315037 |s Prezenčne | ||